000 00985nac a22002897a 4500
001 BR8405213
003 BR-BrBNA
005 20240105120212.0
008 230509b bl.|||m| |||| 00| 0 por d
040 _aBR-BrBNA
_bpor
_cBiblioteca Nacional de Agricultura
072 _aF01; E70; E10
090 _aF01 BR8405213
110 1 _aCentral Regional de Informacoes Agropecuarias e Economicas, Ijui, RS (Brasil)
_91403
245 1 _aBoletim CRIAEC [Central Regional de Informacoes Agropecuarias e Economicas, producao vegetal, preco, inflacao, analise economica, credito, trabalhador rural]
260 3 _aIjui, RS (Brasil):
_c1984.
300 _a50 p.
490 _aBoletim CRIAEC (Brazil)
_vv. 3(26)
_x
650 _aPRODUCAO VEGETAL
650 _aPRECO
650 _aCOMERCIALIZACAO
650 _aANALISE ECONOMICA
650 _aINFLACAO
650 _aTRABALHADOR RURAL
650 _aSINDICATO
909 _a202312
_bLúcia Elande
_c55
_dLúcia Elande
942 _2AGRIS
_n0
_cMS
999 _c278325
_d278325